| 000 -LEADER |
| fixed length control field |
00644pab a2200217 454500 |
| 008 - FIXED-LENGTH DATA ELEMENTS--GENERAL INFORMATION |
| fixed length control field |
180718b2000 xxu||||| |||| 00| 0 eng d |
| 100 ## - MAIN ENTRY--PERSONAL NAME |
| Personal name |
Jennissen, Therese |
| 245 ## - TITLE STATEMENT |
| Title |
Workers' compensation in Canada: a case for greater public accountability |
| 260 ## - PUBLICATION, DISTRIBUTION, ETC. |
| Date of publication, distribution, etc. |
2000 |
| 300 ## - PHYSICAL DESCRIPTION |
| Extent |
p.23-45 |
| 362 ## - DATES OF PUBLICATION AND/OR SEQUENTIAL DESIGNATION |
| Dates of publication and/or sequential designation |
Spring |
| 650 ## - SUBJECT ADDED ENTRY--TOPICAL TERM |
| Topical term or geographic name entry element |
Employers liability - Canada |
| 650 ## - SUBJECT ADDED ENTRY--TOPICAL TERM |
| Topical term or geographic name entry element |
Social security - Canada |
| 650 ## - SUBJECT ADDED ENTRY--TOPICAL TERM |
| Topical term or geographic name entry element |
Accountability - Canada |
| 650 ## - SUBJECT ADDED ENTRY--TOPICAL TERM |
| Topical term or geographic name entry element |
Workers compensation - Canada |
| 650 ## - SUBJECT ADDED ENTRY--TOPICAL TERM |
| Topical term or geographic name entry element |
Workers compensation |
| 700 ## - ADDED ENTRY--PERSONAL NAME |
| Personal name |
Schwartz, Saul |
| 700 ## - ADDED ENTRY--PERSONAL NAME |
| Personal name |
Prince, Michael J. |
| 773 ## - HOST ITEM ENTRY |
| Main entry heading |
Canadian Public Administration |
| 909 ## - |
| -- |
46351 |